which is country - Statistics

General Stats
  • This quiz has been taken 19 times
  • The average score is 10 of 12
Answer Stats
Question Tile Select % Correct
Which is country Yes
100%
Which is country Yes
100%
Which is country No
94%
Which is country Yes
94%
which Is Country Yes
88%
Which is country Yes
88%
which Is Country No
81%
which Is Country No
81%
Which is country No
81%
Which is country Yes
81%
Which is country No
69%
Which is country No
69%
No matching quizzes found
Score Distribution
Percent of People with Each Score
Percentile by Number Answered
Your Score History
You have not taken this quiz